Λεξικό σκηνοθετών του ελληνικού κινηματογράφου
Αποθηκεύτηκε σε:
| Κύριος συγγραφέας: | |
|---|---|
| Άλλοι συγγραφείς: | |
| Μορφή: | Βιβλίο |
| Γλώσσα: | Greek |
| Δημοσίευση: |
Αθήνα :
Αιγόκερως,
1996.
|
| Θέματα: | |
| Ετικέτες: |
Προσθήκη ετικέτας
Δεν υπάρχουν, Καταχωρήστε ετικέτα πρώτοι!
|
MARC
| LEADER | 00000cam a2200000 a 4500 | ||
|---|---|---|---|
| 001 | 1/116839 | ||
| 008 | 180618s1996####gr | ||| |||| ||gre|| | ||
| 020 | |a 9603220833 | ||
| 040 | |a GR-MyUa |b gre |c GR-MyUa |e AACR2 | ||
| 041 | 0 | |a gre | |
| 082 | 7 | |a 791.430233 |2 (23) | |
| 100 | 1 | |a Γούτος, Κώστας Δ. | |
| 245 | 1 | 0 | |a Λεξικό σκηνοθετών του ελληνικού κινηματογράφου / |c Κώστας Δ. Γούτος, Κωνσταντίνος Δ. Νούλας. |
| 260 | |a Αθήνα : |b Αιγόκερως, |c 1996. | ||
| 300 | |a 301 σ. ; |c 24 εκ. | ||
| 650 | 0 | |a Motion pictures |x Production and direction |x Biography. | |
| 650 | 0 | |a Motion picture producers and directors |z Greece |x Biography. | |
| 700 | 1 | |a Νούλας, Κωνσταντίνος Δ. | |
| 852 | |a INST |b LESVOS |e 20180618 |h 791.430233 ΓΟΥ |p 005100060482 |q 005100060482 |t BK |y 0 | ||
| 970 | |a Τζαφέρη |b Ευαγγελία |z 18-06-2018 | ||